Re-authoring the world : the narrative lens and practices for organisations, communities and individuals (Record no. 154593)

MARC details
000 -LEADER
fixed length control field 00350nam a2200097Ia 4500
082 ## - DEWEY DECIMAL CLASSIFICATION NUMBER
Classification number 616.89|SWAT
008 - FIXED-LENGTH DATA ELEMENTS--GENERAL INFORMATION
fixed length control field 210817s9999 xx 000 0 und d
100 ## - MAIN ENTRY--PERSONAL NAME
Personal name Swart, Chené Randburg, South Africa, 2013
9 (RLIN) 47235
245 #0 - TITLE STATEMENT
Title Re-authoring the world : the narrative lens and practices for organisations, communities and individuals
942 ## - ADDED ENTRY ELEMENTS
item type Books
Holdings
Withdrawn status Lost status Damaged status Not for loan Home library Current library Date acquired Cost, normal purchase price Total Checkouts Barcode Date last seen Price effective from item type
        Emthonjeni PL (MMID-PLEMA-EMTH) Emthonjeni PL (MMID-PLEMA-EMTH) 18.08.2021 321.00   3322810005586 18.08.2021 18.08.2021 Books